| 000 | 00727nam a2200193 i 4500 | ||
|---|---|---|---|
| 001 | 27058 | ||
| 003 | ES-MaACL | ||
| 005 | 20230906153543.0 | ||
| 007 | t| | ||
| 008 | 030113s1897 sp ||||1| spa d | ||
| 100 | 1 |
_aAvilés y Merino, Benito. _924080 |
|
| 245 | 1 | 0 |
_aMemoria descriptiva de los baños y aguas minero-medicinales de Hervideros de Fuensanta / _cpor Benito Avilés. |
| 260 |
_aMadrid : _b[s.n.], _c1897 ( _fImp. de Ricardo Rojas) |
||
| 300 |
_a40 p., XV lám. ; _c23 cm. |
||
| 530 | _aDisponible en formato digital. | ||
| 650 | 4 |
_aAguas minerales- _zHervideros de Fuensanta. _9165599 |
|
| 852 |
_aES-MaACL _jF-12706 |
||
| 856 |
_uhttp://bdh-rd.bne.es/viewer.vm?id=0000053257&page=1 _zBiblioteca Digital Hispánica |
||
| 999 |
_c27058 _d27058 |
||